<?xml version="1.0" encoding="UTF-8"?><?xml-stylesheet type="text/xsl" href="static/style.xsl"?><OAI-PMH xmlns="http://www.openarchives.org/OAI/2.0/" xmlns:xsi="http://www.w3.org/2001/XMLSchema-instance" xsi:schemaLocation="http://www.openarchives.org/OAI/2.0/ http://www.openarchives.org/OAI/2.0/OAI-PMH.xsd"><responseDate>2026-04-13T02:43:25Z</responseDate><request verb="GetRecord" identifier="oai:www.recercat.cat:11351/14422" metadataPrefix="marc">https://recercat.cat/oai/request</request><GetRecord><record><header><identifier>oai:recercat.cat:11351/14422</identifier><datestamp>2026-04-03T00:56:15Z</datestamp><setSpec>com_2072_378070</setSpec><setSpec>com_2072_378040</setSpec><setSpec>col_2072_378092</setSpec></header><metadata><record xmlns="http://www.loc.gov/MARC21/slim" xmlns:dcterms="http://purl.org/dc/terms/" xmlns:xsi="http://www.w3.org/2001/XMLSchema-instance" xmlns:doc="http://www.lyncode.com/xoai" xsi:schemaLocation="http://www.loc.gov/MARC21/slim http://www.loc.gov/standards/marcxml/schema/MARC21slim.xsd">
   <leader>00925njm 22002777a 4500</leader>
   <datafield ind2=" " ind1=" " tag="042">
      <subfield code="a">dc</subfield>
   </datafield>
   <datafield ind2=" " ind1=" " tag="720">
      <subfield code="a">Martínez-Castelao, Alberto</subfield>
      <subfield code="e">author</subfield>
   </datafield>
   <datafield ind2=" " ind1=" " tag="720">
      <subfield code="a">Gorriz, Jose Luis</subfield>
      <subfield code="e">author</subfield>
   </datafield>
   <datafield ind2=" " ind1=" " tag="720">
      <subfield code="a">FERNANDEZ-FERNANDEZ, BEATRIZ</subfield>
      <subfield code="e">author</subfield>
   </datafield>
   <datafield ind2=" " ind1=" " tag="720">
      <subfield code="a">Soler, María José</subfield>
      <subfield code="e">author</subfield>
   </datafield>
   <datafield ind2=" " ind1=" " tag="720">
      <subfield code="a">Navarro-González, Juan F.</subfield>
      <subfield code="e">author</subfield>
   </datafield>
   <datafield ind2=" " ind1=" " tag="260">
      <subfield code="c">2026-04-01T12:48:25Z</subfield>
   </datafield>
   <datafield ind2=" " ind1=" " tag="260">
      <subfield code="c">2026-04-01T12:48:25Z</subfield>
   </datafield>
   <datafield ind2=" " ind1=" " tag="260">
      <subfield code="c">2025-12</subfield>
   </datafield>
   <datafield ind2=" " ind1=" " tag="520">
      <subfield code="a">Chronic kidney disease; Diabetes mellitus; Diabetic kidney disease</subfield>
   </datafield>
   <datafield ind2=" " ind1=" " tag="520">
      <subfield code="a">Malaltia renal crònica; Diabetis mellitus; Malaltia renal diabètica</subfield>
   </datafield>
   <datafield ind2=" " ind1=" " tag="520">
      <subfield code="a">Enfermedad renal crónica; Diabetes mellitus; Enfermedad renal diabética</subfield>
   </datafield>
   <datafield ind2=" " ind1=" " tag="520">
      <subfield code="a">Diabetes mellitus (DM) continues to be a global world health problem. Despite medical advances, both DM and chronic kidney disease (CKD) remain global health issues with high mortality and limited options to prevent end-stage renal failure. Current therapies encompass five classes of drugs: (1) angiotensin-converting-enzyme inhibitors (ACEI) or angiotensin II receptor blockers (AIIRB); (2) sodium-glucose-transporter 2 (SGLT2) inhibitors; (3) glucagon-like peptide-1 receptor agonists (GLP-1 RA); and (4) an antagonist of type 1 endothelin receptor (ET1R) with proven efficacy to reduce albuminuria and proteinuria. (5) The mineralocorticoid receptor antagonist (MRA) finerenone has been tested in RCTs as a kidney protective agent. In our review, we summarize many of the principal trials that have generated evidence in this regard. Many novel agents—many of them proven not only for DM management but also for the treatment of obesity with or without DM or heart failure (HF)—are now in development and may be added to the five classical pillars: other non-steroidal MRA (balcinrenone); aldosterone synthase inhibitors (baxdrostat and vicadrostat); other GLP-1 RA (tirzepatide, survodutide, retatrutide, and cagrilintide); ET1 R antagonists, (zibotentan); and soluble guanylate cyclase activators (avenciguat). These new agents aim to slow disease progression further and reduce cardiovascular risk. Future strategies rely on integrated, patient-centered approaches and personalized therapy to curb renal disease and its related complications.</subfield>
   </datafield>
   <datafield ind1="8" ind2=" " tag="024">
      <subfield code="a">https://hdl.handle.net/11351/14422</subfield>
   </datafield>
   <datafield tag="653" ind2=" " ind1=" ">
      <subfield code="a">Diabetis - Tractament</subfield>
   </datafield>
   <datafield tag="653" ind2=" " ind1=" ">
      <subfield code="a">Nefropaties diabètiques - Tractament</subfield>
   </datafield>
   <datafield tag="653" ind2=" " ind1=" ">
      <subfield code="a">Insuficiència renal crònica - Tractament</subfield>
   </datafield>
   <datafield tag="653" ind2=" " ind1=" ">
      <subfield code="a">Antidiabètics - Ús terapèutic</subfield>
   </datafield>
   <datafield tag="653" ind2=" " ind1=" ">
      <subfield code="a">CHEMICALS AND DRUGS::Chemical Actions and Uses::Pharmacologic Actions::Physiological Effects of Drugs::Hypoglycemic Agents</subfield>
   </datafield>
   <datafield tag="653" ind2=" " ind1=" ">
      <subfield code="a">Other subheadings::Other subheadings::/therapeutic use</subfield>
   </datafield>
   <datafield tag="653" ind2=" " ind1=" ">
      <subfield code="a">DISEASES::Endocrine System Diseases::Diabetes Mellitus::Diabetes Complications::Diabetic Nephropathies</subfield>
   </datafield>
   <datafield tag="653" ind2=" " ind1=" ">
      <subfield code="a">Other subheadings::Other subheadings::Other subheadings::/drug therapy</subfield>
   </datafield>
   <datafield tag="653" ind2=" " ind1=" ">
      <subfield code="a">DISEASES::Endocrine System Diseases::Diabetes Mellitus</subfield>
   </datafield>
   <datafield tag="653" ind2=" " ind1=" ">
      <subfield code="a">DISEASES::Male Urogenital Diseases::Urologic Diseases::Kidney Diseases::Renal Insufficiency::Renal Insufficiency, Chronic</subfield>
   </datafield>
   <datafield tag="653" ind2=" " ind1=" ">
      <subfield code="a">COMPUESTOS QUÍMICOS Y DROGAS::acciones y usos químicos::acciones farmacológicas::efectos fisiológicos de los fármacos::hipoglicemiantes</subfield>
   </datafield>
   <datafield tag="653" ind2=" " ind1=" ">
      <subfield code="a">Otros calificadores::Otros calificadores::/uso terapéutico</subfield>
   </datafield>
   <datafield tag="653" ind2=" " ind1=" ">
      <subfield code="a">ENFERMEDADES::enfermedades del sistema endocrino::diabetes mellitus::complicaciones de la diabetes::nefropatías diabéticas</subfield>
   </datafield>
   <datafield tag="653" ind2=" " ind1=" ">
      <subfield code="a">Otros calificadores::Otros calificadores::Otros calificadores::/farmacoterapia</subfield>
   </datafield>
   <datafield tag="653" ind2=" " ind1=" ">
      <subfield code="a">ENFERMEDADES::enfermedades del sistema endocrino::diabetes mellitus</subfield>
   </datafield>
   <datafield tag="653" ind2=" " ind1=" ">
      <subfield code="a">ENFERMEDADES::enfermedades urogenitales masculinas::enfermedades urológicas::enfermedades renales::insuficiencia renal::insuficiencia renal crónica</subfield>
   </datafield>
   <datafield ind2="0" ind1="0" tag="245">
      <subfield code="a">Diabetes Mellitus and Chronic Kidney Disease: The Future Is Being Surpassed</subfield>
   </datafield>
</record></metadata></record></GetRecord></OAI-PMH>